| 000 | 00548nam a2200229Ia 4500 | ||
|---|---|---|---|
| 003 | IT-RoPAU | ||
| 008 | 120407s9999 xx 000 0 und d | ||
| 040 | _aIT-RoPAU | ||
| 040 | _cIT-RoPAU | ||
| 041 | _aita | ||
| 100 | _aEnrico Mazza | ||
| 245 | _aLe odierne preghiere eucaristiche. | ||
| 250 | _aBologna | ||
| 260 | _aEDB | ||
| 260 | _c1984 | ||
| 300 | _c22 cm | ||
| 490 | _aLiturgia e Vita | ||
| 490 | _v1 | ||
| 600 | _a"I v. : Struttura, fonti teologia. II v. : Testi e documenti editi e inediti." | ||
| 942 | _cBK | ||
| 999 |
_c17334 _d17334 |
||